<?xml version="1.0" encoding="UTF-8"?>
<marc:record xmlns:marc="http://www.loc.gov/MARC21/slim">
   <marc:leader>00000nam a2200000 a 4500</marc:leader>
   <marc:datafield ind1="1" ind2=" " tag="100">
      <marc:subfield code="a">Hoffman, Jilliane</marc:subfield>
      <marc:subfield code="4">aut</marc:subfield>
      <marc:subfield code="e">Verfasser/-in</marc:subfield>
   </marc:datafield>
   <marc:datafield ind1="0" ind2="0" tag="245">
      <marc:subfield code="a">Samariter</marc:subfield>
   </marc:datafield>
   <marc:datafield ind1="0" ind2="0" tag="245">
      <marc:subfield code="b">; Thriller</marc:subfield>
   </marc:datafield>
   <marc:datafield ind1=" " ind2="1" tag="264">
      <marc:subfield code="b">Rowohlt Taschenbuch Verlag</marc:subfield>
      <marc:subfield code="c">2016</marc:subfield>
   </marc:datafield>
   <marc:datafield ind1="1" ind2=" " tag="520">
      <marc:subfield code="a">Eine falsche Entscheidung. Die dein Leben verändert. Und ein anderes auslöscht. Eine bestialische Mordserie erschüttert den Süden Floridas: Junge Frauen werden entführt und zu Tode gequält, ihre Leichen findet man inmitten von Zuckerrohrfeldern. Die Polizei hat keine heiße Spur. Bis eine Zeugin auftaucht: Eines Nachts, während eines schweren Tropensturms, hat die junge Mutter Faith Saunders eine Frau beobachtet, auf der Flucht vor einem Mann. Starr vor Angst beging Faith einen folgenschweren Fehler. Und ihr Leben verwandelt sich nun, nach ihrer Aussage, in einen wahren Albtraum à</marc:subfield>
   </marc:datafield>
   <marc:datafield ind1=" " ind2=" " tag="020">
      <marc:subfield code="a">9783499253997</marc:subfield>
      <marc:subfield code="9">9783499253997</marc:subfield>
   </marc:datafield>
</marc:record>
